| 000 | 00729na a2200241 4500 | ||
|---|---|---|---|
| 001 | 17218 | ||
| 003 | MIRAKIL | ||
| 005 | 20181213154921.0 | ||
| 008 | 161023b tu 000 0 | ||
| 020 | _a9789291981564 | ||
| 040 |
_aMilas _btur _cTR-AnCHP |
||
| 041 | _aeng | ||
| 082 |
_a363.1 _bG46 2009 |
||
| 090 | _a363.1 G46 2009 | ||
| 245 |
_aGlobal security in a multipolar world _cFeng Zhongping ... [ve diğ.] ; edited by Luis Peral ; with an introd. by Álvaro de Vasconcelos. |
||
| 260 |
_aParis _bInstitute for Security Studies _c2009 |
||
| 300 |
_a135 s. _c25 sm. |
||
| 650 | _aGüvenlik, Uluslararası | ||
| 700 | _aVasconcelos, Alvaro | ||
| 700 | _aPeral, Luis | ||
| 700 | _aZhongping, Feng | ||
| 942 |
_2ddc _cBKS |
||
| 999 |
_c3125 _d3125 |
||